000 00518nam a2200205 a 4500
999 _c6941
_d6941
001 6941
003 BD-JhCC
005 20180201175135.0
008 180201s1958 uk ||||| |||| 000 0 eng d
035 _a(BD-JhCC)
040 _aBD-JhCC
_dBD-JhCC
041 _aeng
082 _a428.6
_bWAL 1958
100 _aWalters, D. W.
245 _aApproach to Understanding /
_cD. W. Walters
260 _aLondon:
_bCollins Clear-Type Press;
_c1958
300 _a192 p;,
_c16 cm
650 _aEnglish language
942 _2ddc
_cBK